| 000 | 01337cam a22003614a 4500 | ||
|---|---|---|---|
| 001 | 9059987 | ||
| 005 | 20170105102352.0 | ||
| 006 | m d | ||
| 007 | cr n | ||
| 008 | 110405s2011 maua s 000 0 eng d | ||
| 020 | _a9780123814791 | ||
| 035 | _a(WaSeSS)ssj0000507801 | ||
| 040 |
_aDLC _cDLC _dDLC _dWaSeSS |
||
| 042 | _apcc | ||
| 050 | 4 |
_aQA76.9.D343 _bH36 2011 |
|
| 082 | 0 | 0 |
_a006.312 _222 |
| 100 | 1 | _aHan, Jiawei. | |
| 210 | 1 | 0 | _aData mining |
| 245 | 1 | 0 |
_aData mining : concepts and techniques _bconcepts and techniques _cJiawei Han, Micheline Kamber, Jian Pei. |
| 250 | _a3rd ed. | ||
| 260 |
_aBurlington, MA : _bElsevier, _cc2011. |
||
| 300 |
_axxxv, 703 p. _bill.; _c25 cm. |
||
| 500 | _aIncludes index | ||
| 506 | _aLicense restrictions may limit access. | ||
| 650 | 0 | _aData mining. | |
| 700 | 1 | _aKamber, Micheline. | |
| 773 | 0 | _tSafari Technical Books (Current File) | |
| 773 | 0 | _tScienceDirect Computer Science eBook Collection 2011 | |
| 856 | 4 | 0 |
_uhttp://www.columbia.edu/cgi-bin/cul/resolve?clio9059987.001 _zFull text available from Safari Technical Books (Current File) |
| 856 | 4 | 0 |
_uhttp://www.columbia.edu/cgi-bin/cul/resolve?clio9059987.002 _zFull text available from ScienceDirect Computer Science eBook Collection 2011 |
| 910 | _aLibrary of Congress record | ||
| 942 |
_2ddc _cBK |
||
| 999 |
_c11988 _d11988 |
||